000 00872nam a2200265 i 4500
001 10976
003 ES-MaACL
005 20230906150013.0
007 t|
008 921021s1989 sp ||||0| spa d
016 7 _zSIC92003877
020 _a84-206-4519-2
040 _aSIC
_bspa
_cSIC
080 _a849.9-12"19"
100 1 _aFerrater, Gabriel.
_950337
245 1 0 _aPoema inacabado /
_cGabriel Ferrater ; versión en castellano, prólogo y notas de Joaquín Margarit y Pere Rovira.
260 _aBarcelona :
_bEnciclopedia Catalana ;
_aMadrid :
_bAlianza Editorial,
_cD.L. 1989.
300 _a107 p ;
_c21 cm.
490 1 _aBiblioteca de cultura catalana
700 1 _aMargarit, Joaquín.
_976619
700 1 _aRovira, Pere.
_9100136
830 0 _aBiblioteca de cultura catalana
_9178600
852 _aES-MaACL
_jL-18278
_bR.121965
999 _c10976
_d10976